000 01077nmm a2200325 a 4500
001 ocm0002016188
003 TR-IsHL
005 20201028175239.0
008 181019s2018 tu tur
007 cr cn
020 _a9786059530767
035 _a2016188
_b(N$T)
050 0 4 _aPL248.S298
_bS47 2018
090 0 4 _aPL248.S298
_bS47 2018
100 1 _aSamipaşazade Sezai
245 1 0 _aSergüzeşt
_h[electronic resource] /
_cSamipaşazade Sezai ; Hazırlayan: İsmail Mantıoğlu, Buse Mantıoğlu ; editör Yusuf Yavuz
250 _a1. Baskı
260 _aKonya :
_bSalon yayınları,
_c2018
300 _a112 p.
500 _aÖzgün Adı: Sergüzeşt
650 4 _aDil ve Edebiyat
650 4 _aLanguage and Literature
650 0 _aTurkish fiction
650 0 _aTürk romanı
650 7 _aLITERARY COLLECTIONS / Middle Eastern
_2bisacsh
700 1 _aMantıoğlu, İsmail
700 1 _aMantıoğlu, Buse
700 1 _aYavuz, Yusuf
856 4 0 _uhttp://search.ebscohost.com/login.aspx?direct=true&scope=site&db=e011xww&AN=2016188
999 _c18579
_d18579